00402pab a2200133 454500008004000000100002600040245009200066260000900158300001500167362001800182650002800200650001900228773002100247180718b2004 xxu||||| |||| 00| 0 eng d aBuffie, Edward et al. aExchange rate policy and the management of official and private capital flows in Africa c2004 ap.126-160. aSpecial Issue aExchange rates - Africa aExchange rates aIMF Staff Papers